000 00690cab a2200241 4500
001 ABS53488
008 090401t1995 xxu||||| |||| 00| 0 eng d
035 _a(Sirsi) u4644
041 _aeng
100 _aHunt, J.
245 _aRitblat buys a round
260 _c1995
350 _a0
490 _aProperty Week
_v52(9) 31 August 1995, 22-23(2)
520 _aThe move into property investment by Conrad Ritblat has been generally met with caution.
650 _aCONRAD RITBLAT
650 _aDIVERSIFICATION
650 _aPROPERTY INVESTMENT
650 _aSURVEYING FIRMS
690 _aMANAGEMENT-BUSINESS MANAGEMENT-PROFESSIONAL PRACTICE
942 _n0
948 _c04/03/1997
999 _c2813
_d2813